| 000 | 00405nam a22001457a 4500 | ||
|---|---|---|---|
| 003 | OSt | ||
| 008 | 250215b |||||||| |||| 00| 0 eng d | ||
| 020 | _a9789348140807 | ||
| 100 | _aMISHRA, Akhilesh Kumar | ||
| 245 | _aThe Future of Management: Trends, Challenges and Opportunities | ||
| 260 |
_aNew Delhi, _bNaples India: _c2024. |
||
| 300 | _a275p. | ||
| 650 | _aFaculty Publication | ||
| 942 |
_2ddc _cBK |
||
| 999 |
_c13141 _d13141 |
||